000 00768nam a22002297a 4500
003 AR-FvUNAJ
005 20251204145223.0
008 200207b ||||| |||| 00| 0 spa d
020 _a956-289-023-6
040 _cAR-FvUNAJ
082 _214
_a331.1
100 1 _95425
_aWeller, Jürgen
245 1 0 _aReformas económicas, crecimiento y empleo :
_blos mercados de trabajo en Amèrica Latina y el Caribe /
_cJürgen Weller
260 _aChile :
_bFondo de Cultura Económica,
_c2000
300 _a261 p.
440 _98685
_aSección Obras de Economía Contemporánea
650 2 7 _2unescot
_9669
_aEMPLEO
650 2 4 _91295
_aMERCADO DE TRABAJO
650 2 7 _2unescot
_93366
_aECONOMÍA DEL TRABAJO
650 2 0 _91306
_aLEGISLACIÓN
_y1980 - 1990
942 _2ddc
_cLIBRO
999 _c5185
_d5185
980 _82
_gVirginia Figueroa